00983nam a2200241Ia 4500001001100000003000800011006001900019007001500038008004100053040002100094035002100115050002300136100004100159245007500200260004700275300001100322533015200333650004800485651003700533655002900570710001700599856012500616ebr5001001CaPaEBRm u cr cn|||||||||000808s2001 ilu s 000 0 eng d aCaPaEBRcCaPaEBR a(OCoLC)45072054814aPR5495b.S6 2001eb1 aStevenson, Robert Louis,d1850-1894.10aIn the south seash[electronic resource] /cby Robert Louis Stevenson. aChampaign, IL :bProject Gutenberg,c2001. a162 p. aElectronic reproduction.bPalo Alto, Calif. :cebrary,d2010.nAvailable via World Wide Web.nAccess may be limited to ebrary affiliated libraries. 0aAuthors, Scottishy19th centuryvBiography. 0aOceaniaxDescription and travel. 7aElectronic books.2local2 aebrary, Inc.40uhttp://site.ebrary.com/lib/rucke/Doc?id=5001001zAn electronic book accessible through the World Wide Web; click to view